A comparison of machine learning methods to predict rheometric properties of rubber compounds (Record no. 74911)

MARC details
000 -LEADER
fixed length control field 02233nam a22002177a 4500
100 ## - MAIN ENTRY--AUTHOR NAME
Personal name Uruk, Z
245 ## - TITLE STATEMENT
Title A comparison of machine learning methods to predict rheometric properties of rubber compounds
260 ## - PUBLICATION, DISTRIBUTION, ETC. (IMPRINT)
Name of publisher Journal of Rubber Research, 25(4): 265-277
Year of publication 2022
300 ## - PHYSICAL DESCRIPTION
Other physical details October
520 ## - SUMMARY, ETC.
Summary, etc In the rubber industry, rheometric properties are critical in defining processing times and temperatures. These parameters of rubber compounds are determined by time-consuming and expensive laboratory studies performed in a rheometer. Machine learning methods, on the other hand, may be used to estimate rheometric properties in seconds without the need for any samples or laboratory experiments. In this research, an artificial neural network (ANN) and two hybrid approaches of ANN with particle swarm optimisation (ANN-PSO) and genetic algorithm (ANN-GA) are used to predict the rheometric properties of a rubber compound, namely, minimum and maximum torque (ML and MH), scorch time (ts2), and 90% cure time(t90). A multi-layer perceptron (MLP) is utilised consisting of an input layer, a hidden layer, and an output layer. Whilst the network is trained by the Levenberg–Marquardt backpropagation algorithm in ANN, the network is trained by PSO and GA in hybrid approaches ANN-PSO and ANN-GA, respectively. ML, MH, ts2, and t90 are estimated using both process parameters and raw material composition as input. Dataset comprises 220 batches of a selected rubber compound. It is divided randomly into two sets as training and testing data with ratios of 85% and 15%, respectively, for each machine learning method. The prediction results are expressed as mean percentage error (MAPE). Although ANN is a powerful tool for predicting rheometric properties of rubber compounds, hybrid ANN methods decrease prediction error, resulting in better forecasts.
650 ## - SUBJECT ADDED ENTRY--TOPICAL TERM
Topical Term Rubber compound
650 ## - SUBJECT ADDED ENTRY--TOPICAL TERM
Topical Term Rheometric properties
650 ## - SUBJECT ADDED ENTRY--TOPICAL TERM
Topical Term Artificial neural network (ANN)
650 ## - SUBJECT ADDED ENTRY--TOPICAL TERM
Topical Term Hybrid artificial neural network
650 ## - SUBJECT ADDED ENTRY--TOPICAL TERM
Topical Term Particle swarm optimisation (PSO)
650 ## - SUBJECT ADDED ENTRY--TOPICAL TERM
Topical Term Genetic algorithm (GA)
700 ## - ADDED ENTRY--PERSONAL NAME
Personal name Kiraz, A
700 ## - ADDED ENTRY--PERSONAL NAME
Personal name Deniz, V
856 ## - ELECTRONIC LOCATION AND ACCESS
Uniform Resource Identifier https://doi.org/10.1007/s42464-022-00170-7
942 ## - ADDED ENTRY ELEMENTS (KOHA)
Koha item type Journals
Holdings
Withdrawn status Lost status Damaged status Not for loan Home library Current library Date acquired Koha item type
        RRII Library RRII Library 27/12/2022 Journals